| 000 | 00000nam##2200000za#4500 |
| 001 | 9.700083 |
| 003 | CaOODSP |
| 005 | 20220125145842 |
| 007 | cr ||||||||||| |
| 008 | 150407|1999||||xxc|||||o f|0| 0 eng|d |
| 040 | |aCaOODSP|beng |
| 043 | |an-cn--- |
| 086 | 1 |aD2-346/1999E-PDF |
| 110 | 1 |aCanada. |bDepartment of National Defence. |
| 245 | 10|aEthics in operation : |h[electronic resource]|bproceedings of the Conference on Ethics in Canadian Defence, Ottawa 2-3 November 1999 / |csponsored by the Defence Ethics Program, Chief Review Services, National Defence Headquarters. |
| 260 | |aOttawa - Ontario : |bNational Defence |c1999. |
| 300 | |a164p.|bcoloured map, figs. (some coloured), illus. (some coloured), photographs |
| 590 | |a14-20-Supp|b2014-11-25 |
| 690 | 07|aArmed forces|2gcpds |
| 690 | 07|aConferences|2gcpds |
| 690 | 07|aEthics|2gcpds |
| 775 | 08|tL'éthique dans les opérations : |w(CaOODSP)9.643995 |
| 856 | 40|ahttp://publications.gc.ca|qPDF|s5.87 MB|uhttps://publications.gc.ca/collections/collection_2014/mdn-dnd/D2-346-1999-eng.pdf |